| 000 | 00556cam a2200181 a 4500 | ||
|---|---|---|---|
| 020 | _a9781405176941 (pbk. : alk. paper) | ||
| 020 | _a1405176946 (pbk. : alk. paper) | ||
| 040 | _cDLC | ||
| 082 | 0 | 0 | _a636 WIL 2010 A083 Or. |
| 100 | 1 | _aPfeiffer, Dirk, | |
| 245 | 1 | 0 |
_aVeterinary epidemiology : _ban introduction / |
| 260 |
_aChichester, U.K. ; _aAmes, Iowa : _bWiley-Blackwell, _c2010 |
||
| 300 |
_axiv, 135 p. : _bill., maps ; _c23 cm |
||
| 650 | 0 | _aVeterinary epidemiology | |
| 650 | 1 | 2 | _aEpidemiologic Methods |
| 650 | 2 | 2 | _aAnimal Diseases |
| 942 | _cEK | ||
| 999 |
_c16080 _d16080 |
||